MDQL
is popping MORE tags! Check the
thread
!
Quizzes
Events
Quiz Creation
Community
Videos
Private Events
Remove Ads
Sign In
Join for FREE
Feedback
Dark Mode
Quiz Categories
Sports
Geography
Music
Movies
Television
Just For Fun
Miscellaneous
History
Literature
Language
Science
Gaming
Entertainment
Religion
Holiday
For Kids
Quiz Lab
Recent
Popular Today
Quiz Kudos Today
Editor Picks
Curator Picks
Quizzes by...
Day
Popularity
Type
Ratings
Length
Year
Community
Subscriptions
Recent Discussions
Orange Saloon
Badges
Playlists
Quests
Create
Leaderboards
Showdown
Live 5
Trivia Bingo
Activity
Puzzle Library
Sporcle Events
Private Events
Virtual Trivia
Globe League
Become a Host
Pub Owners
SporcleCon
Opinionation
Our Games
Videos
Blog
Mobile Apps
Partnerships
Remove Ads and Go Orange
Feedback
Television
TV Characters
TV Show
Sitcom
Network
Friends
Reality Shows
Cast
South Park
Star Trek
The Simpsons
Doctor Who
Television
TV Characters
TV Show
Sitcom
Network
Friends
Reality Shows
Cast
South Park
Star Trek
The Simpsons
Doctor Who
Random Quiz
Search Sporcle
×
Quiz Lab
Quiz Lab
Television
How I Met Your Mother
Type in answers that appear in a list
Type in answers that appear in a list
Classic
Best Score? Go Orange.
The Sexless Innkeeper (Ted's Version) Stats
Can you name the words to Ted's revision of Barney's poem 'The Sexless Innkeeper'
By
JadaReid
3m
94 Questions
81 Plays
81 Plays
81 Plays
Comments
Comments
Give Quiz Kudos
Give Quiz Kudos
-
- Ratings
hide this ad
Replay
Link that replays current quiz
Next Quiz
Link to next quiz in quiz playlist
You Got
0%
They Got
Avg Score
57%
Avg Friend Score
Upgrade to see
Score Distribution
Jump to the score distribution portion of the page
Score
0/94
Timer
03:00
0
Plays Today
% Correct
I
98.8%
I
98.8%
I
98.8%
'I
98.8%
I
98.8%
the
93.8%
in
93.8%
the
93.8%
the
93.8%
the
93.8%
the
93.8%
A
88.9%
a
88.9%
a
88.9%
sexless
87.7%
innkeeper.
86.4%
and
81.5%
And
81.5%
of
81.5%
on
77.8%
on.
77.8%
it
76.5%
was
75.3%
tale
75.3%
night
72.8%
thus
71.6%
ends
71.6%
Twas
66.7%
before
65.4%
She
64.2%
she
64.2%
this
61.7%
% Correct
Her
60.5%
her
60.5%
we
60.5%
We
60.5%
her
60.5%
to
59.3%
to
59.3%
to
59.3%
you,'
56.8%
one.
55.6%
have
55.6%
tweed!'
55.6%
said
54.3%
said,
54.3%
said,
54.3%
'I'm
54.3%
by
53.1%
my
51.9%
bro,
51.9%
turned
50.6%
with
49.4%
With
49.4%
quill.
46.9%
'Yes,
46.9%
must
46.9%
sat
44.4%
grading
44.4%
'You're
44.4%
did
43.2%
eyes
42%
teacher?'
42%
tavern,
40.7%
% Correct
me
40.7%
but
40.7%
indeed.'
40.7%
Our
40.7%
had
39.5%
haste
39.5%
chamber,
39.5%
deeper.
39.5%
grew
38.3%
whispered
37%
couch,
37%
young
35.8%
sin.
35.8%
moaned.
35.8%
unlaced
35.8%
passions
35.8%
classy,
34.6%
anon.
34.6%
parchments
33.3%
bodice.
33.3%
busty
32.1%
hours
30.9%
kill.
30.9%
lassie
30.9%
fell
30.9%
scamper
29.6%
four
27.2%
grin.
27.2%
flashed
25.9%
garb
23.5%
Quiz Playlist
Details
Report
Send in Message
Add To Playlist
Classic:
Type in answers that appear in a list
Quiz Source
Last Updated: Mar 24, 2017
Quiz Scoreboard
CHALLENGE
Sign Up to Join the Scoreboard
Show All
Scores
Hide
Comments
May contain spoilers
Recently Published
Image Sorting: Flags VI
by Barbecue
Geography
2m
Find the 'City' Movie
by crazypaving
Movies
60s
5x2 Blitz: Bands
by SL_Kpop136
Music
30s
More to Explore
Quiz From the Vault
Featured Blog Post
14 Easter Pick-up Lines to Find Eggs With
hide this ad
You Might Also Like...
Tags
How I Met Your Mother
Today's Top Quizzes in Television
Browse Television
hide this ad
Today's Top Quizzes in How I Met Your Mother
Browse How I Met Your Mother
Top Contributed Quizzes in Television
1
Survivor Journey Challenge
2
Brooklyn Nine Nine Logic Puzzle (How-To-Play)
3
Total Drama Characters
4
Phoebe Buffay Quotes
5
Survivor Heroes vs. Villains Logic Puzzle
6
Adjectives in 00s TV Shows
7
Survivor Trivia
8
Game of Thrones: Tywin Lannister Start to Finish
9
Emmerdale Characters (from August 2012)
10
Survivor Logic Puzzle: Heroes vs. Villains
Explore More
Trending Topics
Crossword
NBA
Marvel
Disney
Kpop
Anime
Harry Potter
Country
Soccer
Puzzle
Pokémon
Song
NFL
The Office
WWE
hide this ad
More By:
JadaReid
Quiz
Plays
Rating
Category
Featured
Created
Now with a Beard
1,350
3.31
Just For Fun
Jun 24, 2014
Rhymes with Bow
535
3.57
Language
Dec 3, 2017
Rhymes with Read
525
3.40
Language
Feb 27, 2016
Rhymes with Bass
483
3.80
Language
Feb 17, 2018
Rhymes with Live
478
4.40
Language
Feb 17, 2018
Go to Creator's Profile
Score Distribution
Quiz Creator Spotlight
JadaReid
Follow
Send a Message
Quizzes Created
-
Created Quiz Play Count
-
More By This Creator
Popular Quizzes Today
1
Colored Red Africa Blitz
2
Find the US States - No Outlines Minefield
3
Find the 'City' Movie
4
5x2 Blitz: Bands
5
The Countries of the World
6
Find the US States
7
Find the Countries of Europe - No Outlines Minefield
8
US States
More Television Quizzes
TV Match: Swapped First Letter
Published
Trending Quizzes
Colored Red Europe Blitz I
Colored Red Europe Blitz II
Colored Red Africa Blitz II
Colored Red Europe Blitz III
Colored Red Africa Blitz III
Recently Updated
How Do You Spell That?
pecheneg
Godzilla Movies
pecheneg
Grab Bag: 4-10 Letters
pecheneg
2024 March Madness Bracket
pecheneg
Famous TV Couples
Peacemaker
Champions League XIs: Real Madrid
pecheneg
Largest US Cities 1790-2010
pecheneg
Rides in Walt Disney World
pecheneg
Most Oscar Losses (Acting)
pecheneg
Beyoncé Albums
pecheneg
Trending Topics
Harry Potter
Anime
Marvel
Kpop
Crossword
NBA
Disney
NFL
Song
WWE
Soccer
Country
The Office
Pokémon
Puzzle
Your Account Isn't Verified!
In order to create a playlist on Sporcle, you need to verify the email address you used during registration. Go to your
Sporcle Settings
to finish the process.
Report this User
Report this user for behavior that violates our
Community Guidelines
.
Details:
Send Report
Go to the Sporcle.com Mobile Site →
Comments